US States in The Simpsons Quiz Stats

Quiz not verified by Sporcle

Challenge
Share
Tweet
Score 0/24 Timer 10:00
0 Plays Today
% Correct
Florida
100%
Hawaii
91.1%
New York
90%
Washington
88.9%
Illinois
86.7%
South Dakota
86.7%
Missouri
85.6%
Arizona
84.4%
Colorado
82.2%
Nevada
81.1%
Maine
81.1%
Alaska
77.8%
% Correct
New Mexico
77.8%
Massachusetts
68.9%
Louisiana
68.9%
Vermont
60%
Kentucky
57.8%
New Hampshire
53.3%
Tennessee
51.1%
Oregon
48.9%
Pennsylvania
42.2%
California
40%
Ohio
33.3%
New Jersey
17.8%

You're not logged in!

Compare scores with friends on all Sporcle quizzes.
Sign Up with Email
OR
Log In

You Might Also Like...

Show Comments

Extras

Top Quizzes Today


Score Distribution

Your Account Isn't Verified!

In order to create a playlist on Sporcle, you need to verify the email address you used during registration. Go to your Sporcle Settings to finish the process.

Report this User

Report this user for behavior that violates our Community Guidelines.

Details: